[Event "12th Batavia Amsterdam 2020"]
[Site "Amsterdam"]
[Date "2020.02.24"]
[Round "4.4"]
[White "Sukandar, Irine Kharisma"]
[Black "Reinderman, Dimitri"]
[Result "0-1"]
[WhiteElo "2408"]
[BlackElo "2582"]
[Annotator "TA"]
[PlyCount "58"]
[EventDate "2020.02.21"]
[EventType "tourn"]
[EventCountry "NED"]
[SourceTitle "playchess.com"]
[Source "ChessBase"]
[SourceQuality "1"]

{[%evp 18,58,12,8,4,21,0,7,12,-12,-4,0,0,-9,12,5,16,-58,-20,-25,-24,-27,-27,-38,-35,-155,-160,-309,-261,-967,-964,-2291,-1910,-1414,-651,-602,-524,-515,-510,-514,-498,-506,-497]} 1. e4 d6 2. d4 Nf6 3. Nc3 e5 4. Nf3 Nbd7 5. Bc4 Be7 6. O-O O-O 7. a4 c6 8. Re1 b6 9. d5 cxd5 10. Nxd5 Nxd5 {C41: Philidor Defence.} 11. Bxd5 Rb8 12. h3 Nf6 {[#] The position is equal.} 13. b3 $146 ({Predecessor:} 13. Bb3 Bb7 14. Qd3 d5 15. Bxd5 Bxd5 16. exd5 e4 17. Rxe4 Nxe4 18. Qxe4 Re8 19. Qd3 Qd6 20. c4 Qf6 {½-½ (20) Kreisl,R (2322)-Monroy,C (2399) Olbia 2008}) 13... Nxd5 14. Qxd5 Bb7 15. Qd3 f5 16. exf5 Bf6 {Hoping for ...e4.} 17. Qe3 (17. Rb1 $11) 17... Bxf3 18. gxf3 Rb7 {[%cal Bb8b7,Bb7f7,Bf7f5,Bf5f3][%mdl 32]} 19. Ba3 Rbf7 20. Rad1 Be7 $1 21. f4 (21. Qe4 $15) 21... Rxf5 $17 22. Bb2 {[#]} (22. Qd3 $17 Rxf4 23. Re4) 22... Qe8 $1 $19 ({Not} 22... Rxf4 {[#]} 23. Bxe5 $1 {[%mdl 512]} Rf3 24. Qd4 $17) 23. fxe5 $2 (23. Ba3 Rxf4 24. Bxd6) 23... Qg6+ {Black is clearly winning.} 24. Kh1 Rf3 25. Rg1 Qh5 (25... Qf5 $142 26. Qxf3 Qxf3+ 27. Kh2 Qf4+ 28. Rg3 Bh4 {[%mdl 64] Pin}) 26. Rxg7+ Kxg7 27. exd6+ Bf6 28. Qe7+ Qf7 29. Qxf7+ Kxf7 {Accuracy: White = 47%, Black = 84%.} 0-1

[Event "12th Batavia Amsterdam 2020"]
[Site "Amsterdam"]
[Date "2020.02.24"]
[Round "4.5"]
[White "Van Haastert, Edwin"]
[Black "Warakomski, Tomasz"]
[Result "0-1"]
[WhiteElo "2438"]
[BlackElo "2501"]
[Annotator "TA"]
[PlyCount "66"]
[EventDate "2020.02.21"]
[EventType "tourn"]
[EventCountry "NED"]
[SourceTitle "playchess.com"]
[Source "ChessBase"]
[SourceQuality "1"]

{[%evp 9,66,32,70,66,62,61,64,54,56,43,42,40,50,43,48,49,43,47,33,22,27,27,76,37,57,43,68,39,47,33,34,43,37,34,58,49,51,44,27,2,40,37,50,-39,-23,-15,-19,-85,-85,-154,-147,-694,-695,-679,-668,-685,-656,-737,-721]} 1. e4 g6 2. d4 Bg7 3. Nc3 c6 4. f4 d5 5. e5 Qb6 6. Nf3 {B15: Caro-Kann: 3 Nc3: 3...g6 and 3...dxe4 4 Nxe4 Nf6 5 Nxf6+ exf6.} Bg4 7. Be2 Nh6 8. O-O {White is slightly better.} Bxf3 9. Bxf3 Nf5 10. Ne2 $1 h5 11. c3 {[#]} e6 $146 ({Predecessor:} 11... Nd7 12. Ng3 Nxg3 13. hxg3 e6 14. Qc2 Bf8 15. Be3 c5 16. Rfc1 Rc8 17. Qf2 Nb8 {1-0 (33) Umanskaja,E-Utkin,A (1770) Rybinsk 2010}) 12. Ng3 Nxg3 13. hxg3 Bf8 14. Qb3 Nd7 15. Be3 Qa6 16. Rfd1 Nb6 17. Qc2 Nc8 18. b3 {[%cal Bb2b3,Bb3b4][%mdl 32]} Ne7 19. c4 Qb6 20. c5 Qd8 21. b4 Nf5 22. Bf2 g5 23. fxg5 Qxg5 24. Qd2 Qg7 25. Qe1 Be7 26. a4 (26. b5 $1 $14) 26... h4 $36 {[%cal Rh4g3][%mdl 2048] Black has some pressure.} 27. g4 Nh6 $1 {[%cal Bf5h6,Bh6g4,Bg4f2,Bf2h3][%mdl 32]} 28. Bxh4 (28. Rd3 $11) 28... Nxg4 $17 29. Bxe7 ({Better is} 29. Bg3) 29... Kxe7 30. Qg3 $2 {[%mdl 8192] [#] Loses the game.} (30. Ra3 $17) 30... Rh1+ $3 $19 {[%mdl 576] Decoy. Black is clearly winning.} 31. Kxh1 Qh6+ 32. Qh3 Nf2+ {[%mdl 64] Double Attack, Pin} 33. Kg1 Nxh3+ {Accuracy: White = 60%, Black = 87%.} 0-1

[Event "12th Batavia Amsterdam 2020"]
[Site "Amsterdam"]
[Date "2020.02.25"]
[Round "5.1"]
[White "Admiraal, Miguoel"]
[Black "Zwirs, Nico"]
[Result "0-1"]
[WhiteElo "2501"]
[BlackElo "2443"]
[Annotator "TA"]
[PlyCount "88"]
[EventDate "2020.02.21"]
[EventType "tourn"]
[EventCountry "NED"]
[SourceTitle "playchess.com"]
[Source "ChessBase"]
[SourceQuality "1"]

{[%evp 18,88,0,0,0,0,0,-13,13,12,18,-8,54,43,58,0,7,-10,-7,-8,-14,-68,-86,-89,-79,-63,-71,-89,-83,-86,-86,-63,-50,-85,-60,-85,-58,-70,-42,-76,-62,-131,-109,-143,-145,-140,-137,-208,-227,-213,-206,-359,-376,-399,-421,-418,-404,-1321,-4678,-5043,-4277,-4411,-3761,-2939,-2074,-1431,-1327,-7714,-6800,-29954,-29946,-12841,-5076]} 1. d4 d5 2. Nf3 Nf6 3. c3 g6 4. Bf4 Bg7 5. e3 O-O 6. Nbd2 b6 7. h3 Bb7 8. Bd3 c5 9. O-O Nc6 10. Qe2 Nd7 {A48: 1 d4 Nf6 2 Nf3 g6: Torre, London and Colle Systems.} 11. Rad1 Qc8 {[#]} 12. Bh2 $146 ({Predecessor:} 12. e4 dxe4 13. Bxe4 cxd4 14. cxd4 Ba6 15. Bd3 Bxd3 16. Qxd3 Nf6 17. Ne4 Nd5 18. Bg5 {0-1 (51) Markov,V (2170)-Nutu Gajic,D Brezovica 1988}) 12... Re8 {The position is equal.} 13. e4 e6 {[%cal Rc5d4]} 14. Rfe1 a5 (14... cxd4 $11 15. cxd4 Bxd4) 15. Bb5 Na7 {[%cal Bc6a7,Ba7b5,Bb5c3][%mdl 32]} 16. exd5 (16. Bxd7 $1 $14 Qxd7 17. dxc5) 16... Nxb5 $11 17. dxe6 {[#]} Nxc3 $1 {[%mdl 512]} 18. exf7+ $1 (18. bxc3 Rxe6) 18... Kxf7 19. Ng5+ (19. Qc4+ $11 Bd5 20. Qxc3) 19... Kg8 $15 20. Qxe8+ Qxe8 21. Rxe8+ Rxe8 22. bxc3 cxd4 23. cxd4 Bd5 $1 $36 {[%mdl 2048] Black is really pushing.} 24. a3 Bf8 $1 25. Nb1 Ba2 26. f3 Bxb1 27. Rxb1 Bxa3 28. Ne4 Rc8 $1 29. Rb5 {Black continues to play with concentration.} (29. Kf1 $15) 29... Kf7 30. Kf2 Rc2+ 31. Ke3 Rxg2 32. Bc7 {[#]} (32. Bd6 $17 Bc1+ 33. Kd3) 32... Rb2 $1 $19 {[%cal Rb2b5]} 33. Rxb2 Bxb2 {[%mdl 4096] Endgame KBN-KBN} 34. Nd6+ $2 (34. Kd3 {keeps fighting.}) 34... Ke6 35. Nc4 Bc1+ 36. Kd3 a4 {[%cal Ba5a4,Ba4a3][%mdl 32]} 37. Nxb6 (37. Kc3 $142 b5 38. Nd6) 37... Nxb6 38. Bxb6 {KB-KB} Kd5 39. Kc3 a3 {( -> ...a2)} 40. Kb3 Bb2 41. Bc5 {[#]} h5 $1 42. h4 Bc1 43. Bb6 g5 44. hxg5 Bxg5 {Accuracy: White = 48%, Black = 84%.} 0-1

[Event "12th Batavia Amsterdam 2020"]
[Site "Amsterdam"]
[Date "2020.02.25"]
[Round "5.2"]
[White "Warakomski, Tomasz"]
[Black "Nijboer, Friso"]
[Result "1-0"]
[WhiteElo "2501"]
[BlackElo "2469"]
[Annotator "TA"]
[PlyCount "133"]
[EventDate "2020.02.21"]
[EventType "tourn"]
[EventCountry "NED"]
[SourceTitle "playchess.com"]
[Source "ChessBase"]
[SourceQuality "1"]

{[%evp 12,133,12,16,25,0,12,0,-6,-39,-14,-82,-45,-36,-30,-32,-21,-21,-21,-28,-27,-33,-32,-48,-50,-61,-55,-58,-62,-62,-36,-67,-54,-54,-37,-59,-44,-85,-89,-104,-106,-113,-101,-134,-81,-160,-162,-156,-90,-173,14,30,29,23,19,9,81,86,75,74,95,18,26,8,14,7,18,16,8,12,38,37,170,82,115,121,139,120,141,147,198,227,232,68,114,74,99,50,58,58,58,41,110,52,52,10,27,7,62,62,60,14,29,8,29,28,61,61,61,61,61,61,60,60,282,273,367,171,1111,1005,4922,5049,29966,29961]} 1. e4 c6 2. Nc3 d5 3. Nf3 Bg4 4. h3 Bxf3 5. Qxf3 e6 6. d3 Nd7 7. Bd2 {7.Be2 is the hot move.} Bc5 {B11: Caro-Kann: Two Knights Variation.} 8. Qg3 Bd4 9. Be2 Ne7 {The position is equal.} 10. f4 {[#]} a5 $146 ({Predecessor:} 10... O-O 11. Be3 Bxe3 12. Qxe3 Qb6 13. Qxb6 axb6 14. O-O b5 15. a3 Nc5 16. e5 d4 {0-1 (45) Yalamanchi,K-Bodiroga,P (2425) ICC INT 2009}) 11. Nd1 (11. Be3 $11 {keeps the balance.} Qb6 12. Bxd4 Qxd4 13. Qf2) 11... O-O 12. c3 Bb6 13. Nf2 f5 14. e5 d4 15. c4 a4 16. O-O Ba5 17. Bc1 b5 18. Rd1 Nc5 19. Qf3 Qb6 20. Rb1 Ra7 21. Kh1 Rd8 22. Bf1 Rad7 23. Kh2 Na6 24. h4 Nb4 $1 25. a3 Na6 26. h5 h6 27. g4 Nc5 (27... bxc4 $142 $1 28. dxc4 fxg4 29. Nxg4 Nc5) 28. Bh3 ({White should play} 28. g5) 28... bxc4 $17 29. dxc4 Rf8 (29... Qa6 $142 30. gxf5 Nxf5) 30. Bd2 (30. g5 $17) 30... Qb3 $2 ({Better is} 30... Bxd2 $19 31. Rxd2 fxg4 32. Qxg4 Nf5) 31. Qxb3 $11 Nxb3 32. Bxa5 Nxa5 33. Nd3 fxg4 (33... Nb3 $11 {remains equal.}) 34. Bxg4 $16 Nf5 35. Nc5 Re7 36. Bxf5 (36. Kh3 $1 $16) 36... Rxf5 $11 37. Rxd4 Rxh5+ 38. Kg2 g5 39. Rh1 Rxh1 40. Kxh1 gxf4 41. Nxa4 {[%mdl 4096] Endgame KRN-KRN} f3 (41... Nb3 $1 $14 42. Rxf4 Rf7) 42. Kg1 (42. b4 $1 $18) 42... Rg7+ 43. Kf2 Rg2+ 44. Kxf3 Rc2 {[#]} 45. Ke3 $1 h5 (45... Nb3 $16 {was necessary.} 46. Rd6 Rxc4) 46. Kd3 $18 Rg2 47. Rh4 $2 (47. Nc5 $18) 47... Rg3+ 48. Kc2 Kf7 49. b4 Rg2+ $1 50. Kd1 Nb3 51. Rxh5 {Rh3 is the strong threat.} Rd2+ 52. Ke1 Ra2 53. Rh4 Rxa3 54. Nb6 c5 ({Black should try} 54... Kg6 $1 $11) 55. b5 $1 $14 Nd4 {And now ...Nf3+ would win.} 56. Re4 {Strongly threatening Nd7.} Ke8 57. Nc8 Nf5 (57... Kd7 $5 58. Nd6 $8 Nf3+ 59. Ke2 Nxe5 60. Rxe5 Kxd6 $14) 58. Rg4 Kd7 59. Nd6 {Black must now prevent Ne4.} Re3+ $1 60. Kd2 {aiming for Nxf5.} Rxe5 61. Ne4 Kc7 62. Kd3 Kb6 $2 (62... Nd4 $14) 63. Rg5 $18 Ka5 {If only Black now had time for ...Kb6....} 64. Rg1 (64. Rg8 $142) 64... Nd4 $2 {[#]} (64... Kb6 65. Rg5 Ka7) 65. Nxc5 $1 {[%mdl 512]} Nxb5 (65... Rxc5 66. Kxd4) 66. Ra1+ Na3 {[#]} 67. Kd4 $1 {A wild game. Accuracy: White = 61%, Black = 53%.} 1-0

[Event "12th Batavia Amsterdam 2020"]
[Site "Amsterdam"]
[Date "2020.02.25"]
[Round "5.3"]
[White "Trent, Lawrence"]
[Black "Sukandar, Irine Kharisma"]
[Result "1-0"]
[WhiteElo "2386"]
[BlackElo "2408"]
[Annotator "TA"]
[PlyCount "70"]
[EventDate "2020.02.21"]
[EventType "tourn"]
[EventCountry "NED"]
[SourceTitle "playchess.com"]
[Source "ChessBase"]
[SourceQuality "1"]

{[%evp 9,70,17,36,1,8,-8,4,-7,0,0,12,0,25,26,15,28,48,60,56,45,52,56,77,71,81,90,88,85,108,103,134,81,125,126,125,126,123,29,84,73,185,158,491,358,575,510,510,494,727,679,942,575,1093,1070,960,897,1056,927,1067,1067,29989,29990,29999]} 1. Nf3 Nf6 2. c4 c5 3. Nc3 g6 4. g3 Bg7 5. Bg2 O-O 6. d3 {A34: Symmetrical English: 2 Nc3, lines with ...d5.} Nc6 7. Bd2 a6 8. Qc1 {[#] The position is equal.} Rb8 $146 ({Predecessor:} 8... d6 9. Bh6 Bd7 10. h4 Ng4 11. Bxg7 Kxg7 12. h5 Rb8 13. Bh3 Rh8 14. h6+ Kf8 {1-0 (57) Polert,A (1852)-Krtschil,A (1445) Osnabrueck 2013}) 9. Bh6 b5 10. h4 bxc4 11. Bxg7 Kxg7 12. h5 Rh8 13. h6+ Kf8 14. dxc4 d6 15. b3 Bb7 16. Ng5 Nd4 17. Bxb7 Rxb7 18. e3 Nc6 19. Qd2 Qd7 20. Rh4 (20. O-O-O $142) 20... Qf5 21. e4 Qd7 22. O-O-O Nd4 {Hoping for ...Rxb3!} 23. Qb2 ({White should try} 23. Qf4 $16) 23... Qd8 (23... Ng4 $11) 24. f4 {And now e5 would win.} Nh5 (24... e5 $16 {keeps fighting.}) 25. e5 $18 Nxg3 $2 {This move loses the game for Black.} (25... Qa5 $16) 26. Qg2 $1 {[%csl LRb7,LRg3][%mdl 64] [#] Double Attack} Qa5 $2 (26... d5 {might work better.} 27. Qxg3 Qa5) 27. Qxg3 Qa3+ 28. Kd2 Qb2+ (28... d5 $142 29. Ke1 Qa5) 29. Ke1 Nf5 30. Rh2 Qa3 31. Qf3 Qb4 32. Rh3 Rb8 33. Kf1 Qa5 34. Kg1 dxe5 {[#]} 35. Qd5 $1 {[%csl Gg5][%cal Rd5f7][%mdl 64] Double Attack} Kg8 {Accuracy: White = 76%, Black = 41%.} 1-0

[Event "12th Batavia Amsterdam 2020"]
[Site "Amsterdam"]
[Date "2020.02.25"]
[Round "5.4"]
[White "Bosboom, Manuel"]
[Black "Van Haastert, Edwin"]
[Result "0-1"]
[WhiteElo "2410"]
[BlackElo "2438"]
[Annotator "TA"]
[PlyCount "114"]
[EventDate "2020.02.21"]
[EventType "tourn"]
[EventCountry "NED"]
[SourceTitle "playchess.com"]
[Source "ChessBase"]
[SourceQuality "1"]

{[%evp 20,114,0,-15,14,-12,-17,0,-2,-49,-38,-44,-52,-101,-42,-59,-54,-51,-37,-46,-57,-58,-44,-51,-28,-35,-18,-78,-80,-71,-52,-96,-35,-43,-22,-31,-17,-23,0,0,-8,-6,57,55,62,-19,-13,-45,34,-248,-234,-240,-240,-247,-242,-238,-247,-236,-200,-233,-260,-248,-256,-347,-232,-256,-227,-249,-202,-204,0,-14,0,-57,-53,-68,0,0,0,0,0,-102,-75,-110,0,-472,-448,-457,-106,-124,-115,-114,-3,-12,0,-779,-731]} 1. Nf3 d5 2. g3 Nf6 3. Bg2 c6 4. b3 Bg4 5. Bb2 Nbd7 6. d3 e6 7. Nbd2 Be7 8. c4 O-O 9. O-O a5 10. a3 Re8 11. Qc2 Bf8 {[#] A12: English Opening: 1...c6 with b3 by White.} 12. Rae1 $146 ({Predecessor:} 12. h3 Bh5 13. e4 dxe4 14. dxe4 e5 15. Rfe1 Qc7 16. Nh4 Bc5 17. Nf1 Nf8 18. Ne3 Ne6 19. Nef5 {1-0 (38) Li,R (2581)-Chandra,A (2503) Las Vegas 2018}) 12... Bh5 13. Nh4 e5 {The position is equal.} 14. Kh1 Nc5 15. Ndf3 d4 16. Rb1 Nfd7 (16... h6 $17 17. Ne1 Qb6) 17. Bc1 f6 18. h3 Qc7 19. Nf5 Bf7 20. b4 axb4 21. axb4 Na6 22. Bd2 c5 23. b5 (23. bxc5 $11 Naxc5 24. Ra1) 23... Nb4 $17 24. Qb3 Ra5 25. e3 {[%cal Re3d4]} dxe3 (25... g6 $17 26. N5h4 dxe3 27. Bxe3 Rxb5 $1 {[%mdl 512]}) 26. Nxe3 $15 {[#]} Rxb5 $1 {[%mdl 512]} 27. Nd5 (27. cxb5 Bxb3) 27... Bxd5 28. cxd5 Bd6 29. Rfc1 Qd8 30. h4 Nf8 (30... Ra5 $11) 31. h5 $14 {[%mdl 1024] White has compensation.} Ra5 32. Nh4 (32. h6 $14) 32... Qd7 $36 {[%mdl 2048] Black has some pressure.} 33. Be4 {[#]} Rea8 (33... g6 $1 $15 {[%mdl 512]}) 34. Nf5 $2 {[%mdl 8192]} (34. Qd1 $14 {stays ahead.}) 34... Ra3 $19 35. Qd1 Nxd3 {[%mdl 64] Double Attack} 36. Be3 Nxc1 37. Qxc1 R3a4 38. Qc2 Ra1 39. Rxa1 Rxa1+ 40. Kg2 b6 41. Qb3 Qc7 42. Bd3 g6 43. Nh6+ Kg7 44. Ng4 Nd7 $2 (44... f5 $19 45. Bh6+ Kh8) 45. Bh6+ $11 Kf7 46. hxg6+ ({Better is} 46. Qc2 $1 $11 Nf8 47. Bxf8 Kxf8 48. hxg6) 46... hxg6 $15 {aiming for ...c4!} 47. Qc2 $1 e4 (47... Ke7 $15 48. Bxg6 Qc8) 48. Bxe4 $11 Ne5 49. Nxe5+ Bxe5 ({Not} 49... fxe5 $2 50. Bxg6+ Kg8 51. Qf5 $18) 50. Bxg6+ (50. f4 $1 $11 {keeps the balance.}) 50... Ke7 $1 $17 ({Don't go for} 50... Kg8 $2 51. Qf5 $18) 51. f4 {[#]} Qd7 (51... Qa7 $1 $17 {Hoping for ...Ra2.} 52. d6+ (52. fxe5 $2 Ra2 $19) 52... Kd8) 52. Be4 $2 {[%mdl 8192]} (52. fxe5 $11 {and White has nothing to worry.} Qxd5+ {[%mdl 64] Double Attack} 53. Be4) 52... Bd4 $19 53. Bf3 Kd6 $2 (53... Kd8 $19 54. g4 b5) 54. Bf8+ $17 Kc7 {Strongly threatening ...Kb8.} 55. d6+ {[#]} Kb8 (55... Kc8 $1 $17 {Threatens to win with ...Qe6.} 56. g4 Qb5) 56. g4 $1 $11 f5 57. g5 $2 {[%mdl 8192]} (57. Qxf5 $11 Qb5 58. Kg3) 57... Qf7 {Accuracy: White = 54%, Black = 60%.} 0-1

[Event "12th Batavia Amsterdam 2020"]
[Site "Amsterdam"]
[Date "2020.02.25"]
[Round "5.5"]
[White "Reinderman, Dimitri"]
[Black "Feuerstack, Aljoscha"]
[Result "1/2-1/2"]
[WhiteElo "2582"]
[BlackElo "2459"]
[Annotator "TA"]
[PlyCount "90"]
[EventDate "2020.02.21"]
[EventType "tourn"]
[EventCountry "NED"]
[SourceTitle "playchess.com"]
[Source "ChessBase"]
[SourceQuality "1"]

{[%evp 21,90,-41,-19,-20,-24,-36,5,6,9,7,21,11,6,9,0,0,68,10,24,-3,0,0,0,-6,-6,-97,-88,-87,-85,-84,0,-76,0,-65,-75,-118,-98,-135,-130,-188,-104,-114,-118,-110,-115,-121,-80,-89,-42,-45,0,0,0,0,0,0,0,0,0,0,0,0,0,0,0,0,0,0,0,0,0]} 1. c4 c5 2. e3 Nf6 3. Nf3 g6 4. d4 cxd4 5. exd4 d5 6. cxd5 Bg7 7. Bb5+ Nbd7 8. d6 exd6 9. O-O O-O 10. Nc3 a6 11. Bxd7 Bxd7 {[#]} 12. Bg5 $146 {B10: Caro-Kann: 2 d3 and 2 c4.} ({Predecessor:} 12. Qb3 Rb8 13. Bf4 Bg4 14. Nd2 Nh5 15. Be3 b5 16. f3 Be6 17. d5 Bc8 18. Nce4 Bb7 19. Rad1 Re8 {0-1 (31) Nielsen,L (2246)-Grubert,C (2148) Denmark 2018}) 12... Qa5 13. d5 b5 {[%cal Bb7b5,Bb5b4][%mdl 32]} 14. Qd2 b4 15. Bxf6 $1 Bxf6 16. Ne4 $1 {[%csl LRd6,LRf6]} Bg7 17. Nxd6 Qc7 18. Ne4 ({Don't blunder} 18. Qxb4 $2 Rab8 $19) 18... Rfd8 (18... Rad8 $11) 19. Qxb4 (19. Rfe1 $14) 19... Bf5 20. d6 Qc6 {Strongly threatening ...Rab8.} 21. Ng3 Bd3 22. Rfd1 Rab8 23. Qe1 (23. Nd4 $11 Qxd6 24. Qxd6 Rxd6 25. Rxd3 Rxd4 26. Rxd4 Bxd4 27. Rb1) 23... Qxd6 $17 24. Rd2 Bh6 25. Rdd1 Bg7 26. Rd2 $1 ({Don't play} 26. Ne4 Qb6 $17) 26... Bh6 (26... Qb6 $5 {[%cal Rg7b2]} 27. Ne5 Bb5 $15) 27. Rdd1 Rxb2 28. Ne5 Re8 $1 {[%cal Re8e5]} 29. Qc3 Qxe5 30. Qxd3 {[#]} (30. Rxd3 $17 Qxc3 31. Rxc3) 30... Qf4 (30... Rxf2 $1 $19 {[%mdl 512] Threatens to win with ...Qc5.} 31. Qxa6 (31. Kxf2 Be3+) 31... Qe3) 31. Qf3 Qxf3 32. gxf3 Rc8 33. a4 Rcc2 34. Rd8+ Bf8 35. Ne4 f5 36. Ng5 $1 {The position is equal.} Rxf2 {aiming for ...Rg2+.} 37. Ne6 $1 {[%csl Ge6][%cal Rd8f8]} Rg2+ 38. Kf1 {[%csl Ge6][%cal Rd8f8]} Rgf2+ 39. Kg1 {[%csl Ge6][%cal Rd8f8]} Rg2+ 40. Kf1 {[%csl Ge6][%cal Rd8f8]} Kf7 (40... Rbf2+ {looks sharper.} 41. Ke1 Re2+ 42. Kf1 Rgf2+ 43. Kg1 Rg2+) 41. Nxf8 Rxh2 {[%cal Rh2h1]} 42. Kg1 Rhg2+ 43. Kh1 Rh2+ 44. Kg1 Rhg2+ 45. Kh1 Rh2+ {Whites escaped into a draw. Accuracy: White = 77%, Black = 78%.} 1/2-1/2

[Event "12th Batavia Amsterdam 2020"]
[Site "Amsterdam"]
[Date "2020.02.27"]
[Round "6.1"]
[White "Van Haastert, Edwin"]
[Black "Reinderman, Dimitri"]
[Result "0-1"]
[WhiteElo "2438"]
[BlackElo "2582"]
[Annotator "TA"]
[PlyCount "64"]
[EventDate "2020.02.21"]
[EventType "tourn"]
[EventCountry "NED"]
[SourceTitle "playchess.com"]
[Source "ChessBase"]
[SourceQuality "1"]

{[%evp 15,64,48,43,41,52,59,51,50,46,56,27,42,33,37,63,16,12,14,45,41,36,27,25,12,33,0,0,0,0,0,0,0,0,-62,-62,-193,-187,-292,-241,-245,-236,-250,-237,-209,-235,-233,-207,-594,-562,-562,-554]} 1. e4 c5 2. Nf3 Nc6 3. d4 cxd4 4. Nxd4 Nf6 5. Nc3 e5 6. Ndb5 d6 7. Bg5 a6 8. Na3 Be6 9. Nc4 {B33: Sicilian: Pelikan and Sveshnikov Variations.} Rb8 10. Nd5 Bxd5 11. exd5 {White is slightly better.} Ne7 12. Bxf6 gxf6 13. g3 {[#]} b5 $5 $146 {[%mdl 8] An interesting novelty.} ({Predecessor:} 13... h5 14. Bh3 Bh6 15. Qf3 Nc8 16. O-O b5 17. Na5 Qxa5 18. Qxf6 Rg8 19. Qxh6 {1-0 (59) Zelcic,R (2526)-Dreev,A (2671) Zagreb 2019}) 14. Ne3 Bh6 15. Bg2 f5 16. O-O Bxe3 (16... f4 $5 {[%cal Rf4e3]} 17. Qh5 Bg7 $14) 17. fxe3 Qb6 18. Qd2 h5 19. Bh3 Qc5 20. Rad1 h4 21. Bxf5 hxg3 22. hxg3 Rh5 $36 {[%mdl 2048] Black has good play.} 23. Be4 f5 24. Bg2 (24. g4 $11 Rg5 25. Bxf5 Nxf5 26. Rxf5 Rxg4+ 27. Kf2) 24... Kd7 $15 {White must now prevent ...Rg8.} 25. Qf2 {[#] White does not recover from this.} (25. b4 $15 Qc7 26. e4) 25... e4 $1 $19 26. Qd2 (26. Rd4 $142) 26... Rg5 27. Qd4 Qxd4 ({And not} 27... Rxg3 28. Qxc5 dxc5 29. d6 $11) 28. Rxd4 Rxg3 29. Kf2 Rbg8 30. Bh1 Rh3 {[#] Hoping for ...Rh2+.} 31. a4 $2 (31. Bg2 {nothing else works.} Rh2 32. Rg1) 31... Rh2+ 32. Ke1 Rgh8 {Accuracy: White = 48%, Black = 96%.} 0-1

[Event "12th Batavia Amsterdam 2020"]
[Site "Amsterdam"]
[Date "2020.02.27"]
[Round "6.2"]
[White "Nijboer, Friso"]
[Black "Bosboom, Manuel"]
[Result "1/2-1/2"]
[WhiteElo "2469"]
[BlackElo "2410"]
[Annotator "TA"]
[PlyCount "120"]
[EventDate "2020.02.21"]
[EventType "tourn"]
[EventCountry "NED"]
[SourceTitle "playchess.com"]
[Source "ChessBase"]
[SourceQuality "1"]

{[%evp 9,120,49,55,47,105,67,106,66,207,160,175,158,172,168,168,164,185,185,261,282,289,298,319,313,299,296,318,322,320,313,413,416,402,334,328,312,327,329,330,332,314,323,370,370,370,362,357,348,478,479,522,512,502,504,633,626,617,585,585,585,555,169,169,160,160,160,811,856,832,819,747,681,468,230,230,0,0,0,0,0,0,0,0,0,0,0,0,0,0,0,0,0,0,0,0,0,0,0,0,0,0,0,0,0,0,0,0,0,0,0,0,-8,-8]} 1. e4 c6 2. d4 d5 3. e5 Bf5 4. h4 c5 5. dxc5 Nc6 6. Bb5 {B12: Caro-Kann: Advance Variation.} d4 (6... Qa5+ $14 7. Nc3 O-O-O 8. Bxc6 bxc6) 7. c3 Qd5 8. cxd4 {White is better.} (8. Ne2 {keeps more tension.} Bxb1 9. Rxb1 Qxg2 10. Rg1 Qe4 11. Bd3) 8... O-O-O {[#]} (8... Qxg2 $14 9. Qf3 Qxf3 10. Nxf3 Be4) 9. Nf3 $146 {aiming for Nc3.} ({Predecessor:} 9. Bxc6 Qxc6 10. Nf3 e6 11. Be3 Bxc5 12. Nbd2 Kb8 13. Rc1 Qb5 14. Rxc5 Qxb2 15. O-O Qxa2 16. Ng5 Nh6 17. Nde4 Bxe4 18. Nxe4 Nf5 19. Nd6 {1-0 (19) Goldberg,A (2330)-Orso,M (2360) Berlin East 1987}) 9... Nxd4 10. Qxd4 Qxd4 11. Nxd4 Rxd4 12. Nc3 f6 13. Be3 Rb4 (13... Rd8 $142 14. c6 e6) 14. O-O-O $18 fxe5 15. a3 Rb3 16. Rd2 Rxc3+ 17. bxc3 Nf6 18. Rhd1 a6 19. Ba4 Kc7 20. f3 h5 21. c4 g6 22. Rd8 Bh6 23. Rxh8 Bxe3+ 24. Kb2 Bxc5 25. Bc2 Bf2 26. Bxf5 gxf5 27. Rdd8 e4 {With the idea ...e3.} 28. Kc2 Bxh4 29. Rc8+ Kb6 30. c5+ Kb5 31. Rc7 Bg3 32. Rxb7+ Kxc5 33. Rxe7 Nd5 34. Rc8+ Kd6 35. Rd8+ $2 (35. Rg7 h4 36. Rd8+ Ke5 37. fxe4 Ne3+ 38. Kd3 Nxg2 39. exf5) 35... Kxe7 36. Rxd5 exf3 37. gxf3 {[%mdl 4096] Endgame KR-KB} Ke6 $2 (37... Kf6 $16 38. Kd3 Kg5) 38. Ra5 h4 39. Rxa6+ Bd6 40. a4 Ke5 {intending ...h3.} 41. a5 (41. Rc6 $142) 41... h3 {[#] Threatens to win with ...h2.} 42. Ra8 $2 ({White has to play} 42. f4+ $1 $18 Kd5 (42... Kxf4 43. Rxd6) 43. Ra7) 42... Kf4 $1 $11 {The position is equal.} 43. Rh8 Kg3 44. a6 Bc5 45. f4 {Black must now prevent Kd3.} Bb6 46. Kd3 h2 47. Kc4 Kg2 $1 48. Kd5 h1=Q 49. Rxh1 Kxh1 {KB-KPP} 50. Ke5 Kg2 51. Kxf5 Kf3 52. Ke5 {Strongly threatening f5.} Kg4 $1 53. f5 {Hoping for f6.} Kg5 54. Ke6 {White threatens f6 and mate.} Bc5 55. Ke5 Ba7 56. Ke6 {And now f6 would win.} Bc5 57. f6 Kg6 58. f7 {Intending a7! and mate.} Kg7 59. f8=Q+ Kxf8 60. a7 Bxa7 {Blacks defense is rewarded with a draw. Accuracy: White = 79%, Black = 69%.} 1/2-1/2